| 000 | 00000nas##2200000za#4500 |
| 001 | 9.509661 |
| 003 | CaOODSP |
| 005 | 20200331214158 |
| 007 | ta |
| 008 | 150406c1991||||xxc|| m #||||f| |0fre|d |
| 040 | |aCaOODSP|bfre |
| 041 | |aeng |
| 041 | |afre |
| 043 | |an-cn--- |
| 086 | 1 |aSP2-6 |
| 110 | 1 |aCanada. |bImprimeur de la Reine. |
| 245 | 10|aGazette du Canada, partie I. Supplément |
| 260 | |aOttawa - Ontario : |bImprimeur de la Reine |
| 310 | |aAnnuel |
| 500 | |a«Bureau du surintendant des institutions financières, Loi sur les banques et Loi sur les sociétés de fiducie et de pret».--Page [1]. |
| 500 | |aDisponible seulement en format électronique à partir d'édition 2007. |
| 563 | |aCouverture souple |
| 791 | |tCanada gazette, part I. Supplement |eeng|w(CaOODSP)9.509660 |